000 00294nam a2200121Ia 4500
008 190216s9999||||xx |||||||||||||| ||und||
100 _aCalicut University
245 0 _aAdhunika Kavitha
260 _bUniversity Of Calicut
_c1982
300 _a36p
650 _aMalayalam Kavitha
942 _cBK
999 _c25485
_d25485